000 01496cam a22004214a 4500
001 muse84806
003 MdBmJHUP
005 20210127151609.0
006 m o d
007 cr||||||||nn|n
008 101115s1991 mx o 00 0 spa d
020 _a9789681204662
020 _z9681204662
035 _a(OCoLC)1055645928
040 _aMdBmJHUP
_cMdBmJHUP
100 1 _aMartínez Rosales, Alfonso.
245 1 0 _aHistoria mexicana
_bguía del número 1 al 150 (1951-1988) /
_cAlfonso Martínez Rosales, Luis Muro.
250 _a1. ed.
264 1 _bEl Colegio de México, Centro de EstudiosHistóricos,
264 3 _bProject MUSE,
300 _a1 online resource (1 ressource en ligne 365 pages)
506 0 _aOpen Access
_fUnrestricted online access
_2star
588 _aDescription based on print version record.
630 0 0 _aHistoria mexicana
_vIndexes.
650 0 _aHISTORY / Latin America / Mexico.
_2bisacsh
655 0 _aElectronic books.
_2lcgft
655 0 _aIndexes.
_2fast
_0(OCoLC)fst01423761
655 7 _aElectronic books.
_2local
700 1 _aMuro, Luis.
730 0 _aHistoria mexicana.
710 2 _aProject Muse.
_edistributor
830 0 _aBook collections on Project MUSE.
856 4 0 _zFull text available:
_uhttps://muse.jhu.edu/book/74545/
999 _c26355
_d26355